| 000 | 00682nam a2200169Ia 4500 | ||
|---|---|---|---|
| 005 | 20250423095702.0 | ||
| 008 | 250422s9999 xx 000 0 und d | ||
| 020 | _a0780370163 | ||
| 050 | _aTK 5105.5 .A615/ | ||
| 245 | 0 | _aIEEE INFOCOM 2001 : the conference on computer communications : proceedings : Twentieth annual joint conference of the IEEE Computer and Communications Societies : Twenty years into the communications odyssey. 22-26 April 2001, Hilton Anchorage Hotel, Anchorage, Alaska USA | |
| 260 | _aNew Jersey | ||
| 260 | _bIEEE | ||
| 260 | _c2001 | ||
| 300 | _a1810 p | ||
| 650 | _aComputer networks_Congresses. Data transmission systems_Congresses. | ||
| 942 | _cBK | ||
| 999 |
_c31026 _d31026 |
||